| 000 -LEADER |
| fixed length control field |
00571nam a22001577a 4500 |
| 005 - DATE AND TIME OF LATEST TRANSACTION |
| control field |
20230912163030.0 |
| 008 - FIXED-LENGTH DATA ELEMENTS--GENERAL INFORMATION |
| fixed length control field |
230912s1975 tu ||||| |||| 00| 0 tur d |
| 041 ## - LANGUAGE CODE |
| Language code of text/sound track or separate title |
tur |
| 080 ## - UNIVERSAL DECIMAL CLASSIFICATION NUMBER |
| Universal Decimal Classification number |
94(560) B-31 |
| 100 ## - MAIN ENTRY--PERSONAL NAME |
| Personal name |
Bayburtluoğlu, Cevdet |
| 9 (RLIN) |
19809 |
| 245 ## - TITLE STATEMENT |
| Title |
Erythrai: |
| Remainder of title |
Coğrafya, tarih, kaynaklar, kalıntılar / |
| Statement of responsibility, etc. |
Cevdet Bayburtluoğlu. |
| 264 ## - PRODUCTION, PUBLICATION, DISTRIBUTION, MANUFACTURE, AND COPYRIGHT NOTICE |
| Place of production, publication, distribution, manufacture |
Ankara, |
| Date of production, publication, distribution, manufacture, or copyright notice |
1975. |
| 300 ## - PHYSICAL DESCRIPTION |
| Extent |
96 p.: |
| Other physical details |
ill.: |
| Dimensions |
23 cm. |
| 653 ## - INDEX TERM--UNCONTROLLED |
| keyword |
ერითრაი: გეოგრაფია, ისტორია, რესურსები, ნანგრევები |
| 942 ## - ADDED ENTRY ELEMENTS (KOHA) |
| Source of classification or shelving scheme |
|
| Koha item type |
წიგნი |